| 000 | 00844nam a22002777a 4500 | ||
|---|---|---|---|
| 003 | CHAP | ||
| 005 | 20220329135616.0 | ||
| 008 | 971013s1907 r 00010 d | ||
| 010 | _a39242 | ||
| 011 | _a40214 | ||
| 035 | _a44339 | ||
| 040 | _cCHAP | ||
| 090 | _aFolleto 6251 | ||
| 110 |
_aEstación Agrícola Experimental. Cd. Juárez, Chih. _938212 |
||
| 245 | _aAlgunas plantas forrajeras | ||
| 260 |
_aMéxico, D. F. : _bLa Estación, _c1907 |
||
| 300 |
_a47 p. _b: ilus. |
||
| 590 |
_aBATCH-UPD _b10 _c20130110 _lUCH01 _h2156 |
||
| 590 |
_aBATCH-UPD _b10 _c20130410 _lUCH01 _h1504 |
||
| 590 |
_aBATCH-UPD _b10 _c20130914 _lUCH01 _h1920 |
||
| 590 |
_aCONVERSION _b10 _c20130109 _lUCH01 _h1322 |
||
| 650 | 1 | 4 |
_aPlantas forrajeras _xMéxico. _988972 |
| 901 | _aBK | ||
| 942 | _cFOLL | ||
| 949 |
_aFolleto 6251 _bBC _cBPP _d-101596 _eBPP _i44339 _mD _si |
||
| 999 |
_c39242 _d39242 |
||